Toxic hazards & the environement [sic] : (Record no. 1390)

MARC details
000 -LEADER
fixed length control field 00837nam a2200229 4500
001 - CONTROL NUMBER
control field 1820
005 - DATE AND TIME OF LATEST TRANSACTION
control field 20181127164042.0
008 - FIXED-LENGTH DATA ELEMENTS--GENERAL INFORMATION
fixed length control field 921023s1992 ii a 000 0 eng
010 ## - LIBRARY OF CONGRESS CONTROL NUMBER
LC control number 92907349
020 ## - INTERNATIONAL STANDARD BOOK NUMBER
International Standard Book Number 8185019223
043 ## - GEOGRAPHIC AREA CODE
Geographic area code d------
245 00 - TITLE STATEMENT
Title Toxic hazards & the environement [sic] :
Remainder of title case studies.
250 ## - EDITION STATEMENT
Edition statement 1st Indian ed.
260 ## - PUBLICATION, DISTRIBUTION, ETC.
Place of publication, distribution, etc. Dehra Dun :
Name of publisher, distributor, etc. Natraj Publishers,
Date of publication, distribution, etc. 1992.
300 ## - PHYSICAL DESCRIPTION
Extent 132 p. :
Other physical details ill. ;
Dimensions 27 cm.
520 ## - SUMMARY, ETC.
Summary, etc. Documents relating to toxic wastes and their export to developing countries; prepared by the Third World Network.
650 #0 - SUBJECT ADDED ENTRY--TOPICAL TERM
Topical term or geographic name entry element Hazardous waste sites
Geographic subdivision Developing countries.
Topical term or geographic name entry element Hazardous wastes
General subdivision Environmental aspects.
Topical term or geographic name entry element Hazardous wastes
General subdivision Safety measures.
710 2# - ADDED ENTRY--CORPORATE NAME
Corporate name or jurisdiction name as entry element Third World Network (George Town, Penang)
740 0# - ADDED ENTRY--UNCONTROLLED RELATED/ANALYTICAL TITLE
Uncontrolled related/analytical title Toxic hazards and the environment.
Holdings
Withdrawn status Lost status Source of classification or shelving scheme Damaged status Not for loan Collection code Home library Current library Shelving location Date acquired Cost, normal purchase price Serial Enumeration / chronology Inventory number Total Checkouts Full call number Barcode Date last seen Date last checked out Price effective from Koha item type
    Dewey Decimal Classification     Main TEST RTC Library RTC Library Main opac 24/12/2021 195.00 3046 2 363.7287 TOX 30003815 02/05/2022 25/02/2022 27/11/2018 Main
Royal Thimphu College || All Right Reserved